000 00944nam a2200253Ia 4500
003 OSt
005 20220923220631.0
006 a|||||r|||| 00| 0
007 ta
008 220922b |||||||| |||| 00| 0 hin d
024 _a188,125
037 _cTextual
040 _aARTS
_cARTS
_bhin
041 _2hin
_ahin
082 _aV2974:72.D, 152M8
100 _aमणि, सुषमा
245 0 _aनेपाल के लिच्छवि
_b नेपाल से प्राप्त लिच्छवि अभिलेखो का अध्ययन
246 _aNepāl ke lichchhavi: nepāl se prāpta lichchhavi abhilekho kā adhyayana
260 _aदिल्ली
_b मित्तल प्रकाशन
_c1988
300 _a135 पृ.
_ccm.
650 _aविश्व-इतिहास
942 _hV2974:72.D, 152M8
_cTEXL
_2CC
999 _c341201
_d341201